Applications of polymers (Record no. 39993)

MARC details
000 -LEADER
fixed length control field 00288nam a22001337a 4500
082 ## - DEWEY DECIMAL CLASSIFICATION NUMBER
Classification number 678
Item number SEY
245 #0 - TITLE STATEMENT
Title Applications of polymers
260 ## - PUBLICATION, DISTRIBUTION, ETC. (IMPRINT)
Place of publication New York
Name of publisher Plenum
Year of publication 1988
650 ## - SUBJECT ADDED ENTRY--TOPICAL TERM
Topical Term olymers
700 ## - ADDED ENTRY--PERSONAL NAME
Personal name Mark, Herman F
700 ## - ADDED ENTRY--PERSONAL NAME
Personal name Seymour
942 ## - ADDED ENTRY ELEMENTS (KOHA)
Koha item type Books
Holdings
Withdrawn status Lost status Damaged status Not for loan Home library Current library Date acquired Cost, normal purchase price Full call number Accession Number Koha item type
        RRII Library RRII Library 16/12/2021 59.40 678 SEY 20311 Books